"Ich war der Kronprinz von Heydrich" / Dan Bar-On ; Hans-Georg Wiedemann ; Christa Schmidt, Andreas Wiedemann
Publikace zaznamenává vzpomínky Petera Thomase Heydricha, herce, šansoniéra a politického kabaretiéra, synovce německého nacistického politika a zastupujícího říšského protektora Reinharda Heydricha.
Record details
- ISBN: 978-3-7831-2710-2
- Physical Description: 151 stran : ilustrace ; 21 cm
- Publisher: Stuttgart : Kreuz Verlag, © 2006
Search for related items by subject
| Subject: | Heydrich, Peter Thomas, 1931-2003 Heydrich, Reinhard, 1904-1942 |
Search for related items by series
Available copies
- 1 of 1 copy available at Common Catalog SPOK.
Holds
- 0 current holds with 1 total copy.
Show Only Available Copies
| Location | Call Number / Copy Notes | Barcode | Shelving Location | Status | Due Date |
|---|---|---|---|---|---|
| Terezin Initiative Institute | 5240 | 4594305240 | Knihovna ITI | Available | - |
| LDR | 01207nam a2200277 a 4500 | ||
|---|---|---|---|
| 001 | 50422 | ||
| 003 | CZ-PrJAB | ||
| 005 | 20220728110119.0 | ||
| 008 | 160901s2006 gw | ger | ||
| 020 | . | ‡a978-3-7831-2710-2 | |
| 035 | . | ‡a(CZ PrSKC)4273765 | |
| 040 | . | ‡aABG001 ‡bcze ‡cABG001 | |
| 245 | 0 | 0. | ‡a"Ich war der Kronprinz von Heydrich" / ‡cDan Bar-On ; Hans-Georg Wiedemann ; Christa Schmidt, Andreas Wiedemann |
| 246 | 1 | 5. | ‡aIch war der Kronprinz von Heydrich |
| 260 | . | ‡aStuttgart : ‡bKreuz Verlag, ‡c© 2006 | |
| 300 | . | ‡a151 stran : ‡bilustrace ; ‡c21 cm | |
| 490 | 1 | . | ‡aKreuz Biografie |
| 520 | . | ‡aPublikace zaznamenává vzpomínky Petera Thomase Heydricha, herce, šansoniéra a politického kabaretiéra, synovce německého nacistického politika a zastupujícího říšského protektora Reinharda Heydricha. | |
| 600 | 1 | 7. | ‡aHeydrich, Peter Thomas, ‡d1931-2003 ‡7xx0129676 ‡2czenas |
| 600 | 1 | 7. | ‡aHeydrich, Reinhard, ‡d1904-1942 ‡7jn20000700709 ‡2czenas |
| 700 | 1 | . | ‡aBar-On, Dan, ‡d1938-2008 ‡7jn20021213004 |
| 700 | 1 | . | ‡aWiedemann, Hans-Georg, ‡d1936- ‡7skuk0005919 ‡4com |
| 700 | 1 | . | ‡aSchmidt, Christa |
| 700 | 1 | . | ‡aWiedemann, Andreas, ‡d1970- ‡7jn20011210058 |
| 910 | . | ‡aABE340 ‡b5240 | |
| 995 | . | ‡aska | |
| 901 | . | ‡a50422 ‡bAUTOGEN ‡c50422 ‡tbiblio | |